| 000 | 01585cam a22001934a 4500 | ||
|---|---|---|---|
| 005 | 20250605164121.0 | ||
| 008 | 250528s ||||||||||||||||||||||||d | ||
| 035 | _a18278 | ||
| 020 | _a9602095687 | ||
| 040 |
_aGR-AtMCL _bgre _dGR-AtMCL _eAACR2 |
||
| 245 | 1 | _aΟργάνωση και Διοίκηση Σχολικών Μονάδων | |
| 260 |
_bΚλειδάριθμος, _c2002 |
||
| 300 | _a272 | ||
| 520 | _aΤο βιβλίο αναλύει τόσο σε θεωρητικό όσο και σε πρακτικό επίπεδο τις βασικές αρχές του management και τον τρόπο δημιουργικής εφαρμογής του στην διεύθυνση της πρωτοβάθμιας και δευτεροβάθμιας εκπαίδευσης. Πρόλογος, Διοίκηση και Εκπαιδευτικοί Οργανισμοί, Η Σχολική Μονάδα ως Κοινωνικό Σύστημα, Θεωρίες και Μοντέλα Διοίκησης, Συμμετοχική Διοίκηση, Δημιουργία και Λειτουργεία Ομάδων, Λήψη Αποφάσεων, Ο Ρόλος του Διευθυντή, Ηγετική Συμπεριφορά του Διευθυντή, Παρώθηση, Διευθέτιση Διαφωνιών και Αντιπαραθέσεων, Επικοινωνία, Επιφέροντας Επιτυχημένες Αλλαγές, Παράρτημα, Βιβλιογραφία. | ||
| 700 | 1 |
_aΚαμπουρίδης Γεώργιος _92380 |
|
| 942 | _cBK | ||
| 999 |
_c3646 _d3646 |
||